Engineering Mathematics (Record no. 4933)

MARC details
000 -LEADER
fixed length control field 00429nam a22001697a 4500
005 - DATE AND TIME OF LATEST TRANSACTION
control field 20180904102739.0
008 - FIXED-LENGTH DATA ELEMENTS--GENERAL INFORMATION
fixed length control field 160630b xxu||||| |||| 00| 0 eng d
020 ## - INTERNATIONAL STANDARD BOOK NUMBER
ISBN 81-219-0502-8
041 ## - LANGUAGE CODE
Language code of text/sound track or separate title eng
082 ## - DEWEY DECIMAL CLASSIFICATION NUMBER
Item number 19834
Classification number 510.2462
100 ## - MAIN ENTRY--AUTHOR NAME
Personal name DAS, H. K.
245 ## - TITLE STATEMENT
Title Engineering Mathematics
260 ## - PUBLICATION, DISTRIBUTION, ETC. (IMPRINT)
Place of publication New Delhi
Name of publisher Sultan Chand & Sons,
Year of publication 2014
300 ## - PHYSICAL DESCRIPTION
Number of Pages 1054p,
650 ## - SUBJECT ADDED ENTRY--TOPICAL TERM
Topical Term Diploma Engineering
942 ## - ADDED ENTRY ELEMENTS (KOHA)
Koha item type Books
Holdings
Lost status Damaged status Collection code Home library Shelving location Date acquired Cost, normal purchase price Full call number Accession Number Koha item type Current library
    CS/IT JRU Library SHELF-57-D 30/06/2016 550.00 510.2462 19834 Books  
      JRU Library Shelf - 10 - K 30/06/2016 550.00 510.2462 19835 Books  
    CS/IT JRU Library SHELF-57-D 30/06/2016 550.00 510.2462 19836 Books  
      JRU Library SHELF-57-D 30/06/2016 550.00 510.2462 19837 Books JRU Library
      JRU Library Shelf - 10 - K 30/06/2016 550.00 510.2462 19838 Books